اقبال کے حضور / Iqbal ke huzoor: Nashisteen aur guftugueen: Ek bayaz yaddasht, v.1, Jan to Mar, 1938 (Record no. 1040586)

MARC details
000 -LEADER
fixed length control field 01465nam a2200325 a 4500
001 - CONTROL NUMBER
control field vtls001589281
003 - CONTROL NUMBER IDENTIFIER
control field NLI
005 - DATE AND TIME OF LATEST TRANSACTION
control field 20240801134508.0
008 - FIXED-LENGTH DATA ELEMENTS--GENERAL INFORMATION
fixed length control field 121214s1981 ii 000 0burd
020 ## - INTERNATIONAL STANDARD BOOK NUMBER
Terms of availability Rs. 100.00
040 ## - CATALOGING SOURCE
Original cataloging agency NLI
Language of cataloging urdeng
Transcribing agency Datasoft_Urdu
Description conventions AACR2
041 0# - LANGUAGE CODE
Language code of text/sound track or separate title urd
044 ## - COUNTRY OF PUBLISHING/PRODUCING ENTITY CODE
MARC country code ii
082 04 - DEWEY DECIMAL CLASSIFICATION NUMBER
Classification number U 928.91431 Mu 598 nn
100 1# - MAIN ENTRY--PERSONAL NAME
Linkage 880-01
Personal name نذیر نیازی، سید Sayyid Nazeer Niazi
9 (RLIN) 695755
245 10 - TITLE STATEMENT
Linkage 880-02
Title اقبال کے حضور / Iqbal ke huzoor: Nashisteen aur guftugueen: Ek bayaz yaddasht, v.1, Jan to Mar, 1938
Statement of responsibility, etc. سید نذیر نیازی Sayyid Nazeer Niazi
250 ## - EDITION STATEMENT
Edition statement 2nd ed.
260 ## - PUBLICATION, DISTRIBUTION, ETC.
Place of publication, distribution, etc. Lahore (Pakistan)
Name of publisher, distributor, etc. Iqbal Academy Pakistan
Date of publication, distribution, etc. 1981
300 ## - PHYSICAL DESCRIPTION
Other physical details 487 p. ;
Size of unit 24cm.
600 ## - SUBJECT ADDED ENTRY--PERSONAL NAME
Personal name Muhammad Iqbal, Dr. Sir.
Dates associated with a name 1877-1938
Form subdivision Poets, Urdu \ Intellectual life \ 20th century \ British (India) \ History
9 (RLIN) 1551027
650 #0 - SUBJECT ADDED ENTRY--TOPICAL TERM
General subdivision Muslim intellectual \ 20th century \ British (India) \ History
Form subdivision Authors, Urdu \ Intellectual life \ 20th century \ British (India) \ History
9 (RLIN) 1551028
880 10 - ALTERNATE GRAPHIC REPRESENTATION
Linkage 245-02(B
a اقبال کے حضور / Iqbal ke huzoor: Nashisteen aur guftugueen: Ek bayaz yaddasht, v.1, Jan to Mar, 1938
c Sayyid Nazīr Neyāzī
880 1# - ALTERNATE GRAPHIC REPRESENTATION
Linkage 100-01(B
a Nazīr Neyāzī, Sayyid
887 ## - NON-MARC INFORMATION FIELD
Content of non-MARC field Irfan Khan
901 ## - LOCAL DATA ELEMENT A, LDA (RLIN)
a 14865
b 04.08.1988
902 ## - LOCAL DATA ELEMENT B, LDB (RLIN)
a U 928.91431 Mu 598 nn
904 ## - LOCAL DATA ELEMENT D, LDD (RLIN)
c Rashid(30.07.2012) Shahid(06.06.2012)
l U11130
942 ## - ADDED ENTRY ELEMENTS (KOHA)
Koha issues (borrowed), all copies 0
Institution code [OBSOLETE] NLI
Source of classification or shelving scheme Dewey Decimal Classification
Koha item type Books
949 ## - LOCAL PROCESSING INFORMATION (OCLC)
6 DBA000014865URD
Holdings
Withdrawn status Lost status Source of classification or shelving scheme Damaged status Not for loan Collection code Home library Current library Shelving location Date acquired Source of acquisition Full call number Barcode Date last seen Price effective from Koha item type
    Dewey Decimal Classification     Urdu National Library of India National Library of India Urdu - Book - Main Stack Division 04/08/1988 DB Act U 928.91431 Mu 598 nn DBA000014865URD 27/06/2021 27/06/2021 Books
                                                                           
web counter

Copyright ©2020 The National Library of India, Govt. of India ↔ Hosted by NVLI, MOC ↔ Technology and Design by National Library of India, Ministry of Culture, Govt. of India